Super Mario 3D World Stages by Luigi Sighting - Statistics

General Stats
  • This quiz has been taken 9 times
  • The average score is 21 of 62
Answer Stats
Picture Answer % Correct
Shadow-Play Alley
83%
Sprawling Savanna
83%
Beep Block Skyway
67%
Grumblump Inferno
67%
Sunshine Seaside
67%
Super Block Land
67%
Clear Pipe Cruise
50%
Double Cherry Pass
50%
Hands-On Hall
50%
Honeycomb Starway
50%
Simmering Lava Lake
50%
Sprawling Savanna
50%
Super Bell Hill
50%
Switchboard Falls
50%
Switch Scramble Circus
50%
The Bullet Bill Express
50%
Ty-Foo Flurries
50%
A Beam in the Dark
33%
Ant Trooper Hill
33%
Bowser's Highway Showdown
33%
Chain-Link Charge
33%
Conkdor Canyon
33%
Cookie Cogworks
33%
Deepwater Dungeon
33%
Fort Fire Bros.
33%
Koopa Troopa Cave
33%
Mount Beanpole
33%
Mount Must Dash
33%
Pipeline Lagoon
33%
Plessie's Plunging Falls
33%
Rolling Ride Run
33%
Spooky Seasick Wreck
33%
Sunshine Seaside
33%
The Great Goal Pole
33%
The Great Tower of Bowser Land
33%
Trick Trap Tower
33%
Tricky Trapeze Theater
33%
A Beam in the Dark
17%
Big Bounce Byway
17%
Bob-ombs Below
17%
Bowser's Bullet Bill Brigade
17%
Bullet Bill Base
17%
Deep Jungle Drift
17%
Fuzzy Time Mine
17%
Gargantuan Grotto
17%
Hands-On Hall
17%
Lava Rock Lair
17%
Pipeline Lagoon
17%
Piranha Creeper Creek
17%
Plessie's Dune Downhill
17%
Rammerhead Reef
17%
Really Rolling Hills
17%
Red-Hot Run
17%
Shifty Boo Mansion
17%
Spike's Lost City
17%
Spiky Spike Bridge
17%
Switchblack Ruins
17%
Switchboard Falls
17%
The Bowser Express
17%
The Bowser Express
17%
The Bullet Bill Express
17%
Towering Sunshine Seaside
17%
No matching quizzes found
Score Distribution
Percent of People with Each Score
Percentile by Number Answered
Your Score History
You have not taken this quiz